| 000 -LEADER |
| fixed length control field |
00582cam a22001457a 4500 |
| 008 - FIXED-LENGTH DATA ELEMENTS--GENERAL INFORMATION |
| fixed length control field |
180718b1975 xxu||||| |||| 00| 0 eng d |
| 082 ## - DEWEY DECIMAL CLASSIFICATION NUMBER |
| Classification number |
B235x54 K966 |
| 245 ## - TITLE STATEMENT |
| Title |
India, state and society: a Marxian approach |
| Statement of responsibility, etc. |
edited by K. Mathew Kurian |
| 260 ## - PUBLICATION, DISTRIBUTION, ETC. |
| Place of publication, distribution, etc. |
Madras |
| Name of publisher, distributor, etc. |
Orient Longman |
| Date of publication, distribution, etc. |
1975 |
| 300 ## - PHYSICAL DESCRIPTION |
| Extent |
308p. |
| 500 ## - GENERAL NOTE |
| General note |
Selected papers from among the contributions made to the first and second All India Conferences on "Marxian Approach of Research in Social Sciences" |
| 650 ## - SUBJECT ADDED ENTRY--TOPICAL TERM |
| Topical term or geographic name entry element |
Communism and society |
| 650 ## - SUBJECT ADDED ENTRY--TOPICAL TERM |
| Topical term or geographic name entry element |
Social sciences --Research --India |
| 700 ## - ADDED ENTRY--PERSONAL NAME |
| Personal name |
Kurian, K. Mathew |